000 00941nam a22002537a 4500
001 BD-DhSAU 9554
003 BD-DhSAU
005 20190226103610.0
008 150620b2007 bg |||r|||| 000 0 eng d
040 _aBD-DhSAU
082 _222
_a543
_bR2197
100 _aRazzaque, Md. Abdur
_4Registration No.# 11357
245 _aBio-chemical aspects of salinity tolerance in rice genotypes /
_bPh.D. Thesis
_cby Md. Abdur Razzaque
260 _aBangladesh Agricultural University, Mymensingh :
_bDepartment of Agricultural Chemistry,
_c2007.
300 _axvii, 275 p. :
_bill. ;
_c30 cm.
500 _aPh.D thesis of Department of Agricultural Chemistry, Bangladesh Agricultural University, Mymensingh, Bangladesh
590 _ajoy
650 _aChemistry
650 _aBio-chemical aspect
650 _aRice genotypes
700 _aTalukder, Nur Mohammad
_eSupervisor
700 _aDutta, Ratan Kumar
_eCo-supervisor
942 _2ddc
_cPHD
999 _c9554
_d9554